Wszystkie triumfatorki turniejów WTA w 2022 - Statystyki

Ogólne statystyki
  • Ten quiz został rozwiązany 48 razy
  • Średni wynik to 11 z 35
Statystyki odpowiedzi
Turnieje Tenisistka % Poprawnych
French Open US Open Doha (1000)Indian Wells (1000) Miami (1000) Rzym (1000) Stuttgart (500) San Diego (500) Iga Świątek
100%
Madryt (1000)Berlin (500) Ons Jabeur
71%
Australian Open Adelajda (500) Ashleigh Barty
65%
Wimbledon Elena Rybakina
65%
Guadalajara (1000) Jessica Pegula
56%
WTA Finals Cincinnati (1000) Bad Homburg (250)Warszawa (250) Caroline Garcia
50%
Ostrawa (500) Tallinn (250) Barbora Krejcikova
47%
Eastbourne (500) Petra Kvitova
47%
Sankt Petersburg (500) Anett Kontaveit
44%
Strasburg (250) Angelique Kerber
38%
San Jose (500)Granby (250) Daria Kasatkina
38%
Dubaj (500) Jelena Ostapenko
38%
Toronto (1000) Melborune (250) Simona Halep
38%
Charleston (500) Belinda Bencic
35%
Sydney (500) Paula Badosa
35%
Monastyr (250) Elise Mertens
24%
Tokio (500) Waszyngton (250)Cleveland (250) Ludmiła Samsonowa
24%
Adelajda (250) Madison Keys
24%
Nottingham (250)Birmingham (250) Beatriz Haddad Maia
21%
s-Hertogenbosch (250)Seul (250) Jekaterina Aleksandrowa
18%
Monterrey (250) Leylah Fernandez
18%
Chennai (250) Linda Fruhvirtova
18%
Rabat (250) Martina Trevisan
18%
Lyon (250) Shuai Zhang
18%
Kluż-Napoka (250) Anna Blinkowa
15%
Lozanna (250) Petra Martić
15%
Guadalajara (250) Sloane Stephens
15%
Bogota (250) Tatjana Maria
15%
Parma (250) Mayar Sherif
12%
Stambuł (250) Anastazja Potapowa
9%
Portoroż (250) Katerina Siniakova
9%
Praga (250) Marie Bouzkova
9%
Budapeszt (250)Hamburg (250) Bernarda Pera
6%
Palermo (250) Irina-Camelia Begu
6%
Melborune (250) Amanda Anisimova
3%
Nie znaleziono quizów pasujących do podanych kryteriów
Rozkład punktacji
Procent ludzi z każdym wynikiem
Percentyl według liczby udzielonych odpowiedzi
Twoja historia wyników
Nie rozwiązałeś tego quizu